| 000 | 00820nam a22002297a 4500 | ||
|---|---|---|---|
| 003 | OSt | ||
| 005 | 20220411083905.0 | ||
| 008 | 110301s2021 dr ac 000 0 spa d | ||
| 020 | _a9789945808261 | ||
| 040 |
_aDO-SdBNP _bspa _cBNPHU |
||
| 082 |
_axxxx _bB862m |
||
| 100 | 1 |
_aBrito, Juan Raul E. _953018 |
|
| 245 | 1 | 3 |
_aEl monciòn que se nos fue / _cJuan Raul E. Brito |
| 260 |
_aSanto Domingo : _b[S.N.]. _c2021. |
||
| 300 |
_a249 p. : _c23 cm. |
||
| 500 | _aIncluye datos biográficos del autor en la solapa de la portada. | ||
| 500 | _aUna narración libre, salpicada con estampas de mi pueblo y tintes autobiográficos, que narra cómo Monción se ha transformado con el paso de los años. | ||
| 504 | _aBiografía p: 248 | ||
| 590 | _aInventariado, 2022/ YL | ||
| 910 | _aYLockward | ||
| 942 |
_2ddc _cLBS1 |
||
| 999 |
_c51522 _d51522 |
||